000 01258nam a2200325 i 4500
001 000022680
003 DO-SdBNP
005 20260415174539.0
007 ta
008 101014s2005 dr ac r 001 0bspa d
020 _a9945014005
040 _aDO-SdBNP
_bspa
_cBNPHU
_erda
082 4 _a923.57293
_bF361F
_222
100 1 _aFernández, Arlette,
_d1937-
_936068
_4aut.
_eautor
245 1 0 _aCoronel Rafael Fernández Domínguez :
_bsoldado del pueblo y militar de la libertad /
_cArlette Fernández.
264 1 _aSanto Domingo :
_bFundación Coronel Rafael Tomás Fernández Domínguez,
_c2005.
300 _a442 páginas :
_bretratos ;
_c27 cm.
336 _atexto
_btxt
_2rdacontent
337 _asin mediación
_bn
_2rdamedia
338 _avolumen
_bnc
_2rdacarrier
500 _aIncluye índice onomástico
500 _aIncluye referencias bibliográficas y notas al pie de las páginas
504 _aBibliografía : páginas 443-444
590 _aInventariado, 2019/MFF
600 1 4 _aFernández Domínguez, Rafael Tomás,
_d1934-1965
_946631
_vCorrespondencias, memorias, etc.
650 0 _a
_912155
651 4 _aRepública Dominicana
_xHistoria
_yRevolución, 1965
_92167
910 _aValidado. Control de calidad. MMOLINA
942 _2ddc
_cLBS1
999 _c22177
_d22177